" La dualité grotesque - sublime dans la configuration de Quasimodo comme héros romantique "

Gorde:
Xehetasun bibliografikoak
Egile nagusia: Jiménez Murillo, Juan C.
Formatua: Liburua
Hizkuntza:Undetermined
Argitaratua: San José, Costa Rica Universidad de Costa Rica, Sistema de Estudios de Posgrado 2011
Gaiak:
Etiketak: Etiketa erantsi
Etiketarik gabe, Izan zaitez lehena erregistro honi etiketa jartzen!

MARC

LEADER 00000nam a2200000Ia 4500
008 170316s9999 xx 000 0 und d
040 |a cru BVZT 
090 |a TESIS 874 
100 |a Jiménez Murillo, Juan C. 
245 |a " La dualité grotesque - sublime dans la configuration de Quasimodo comme héros romantique " 
260 |a San José, Costa Rica 
260 |b Universidad de Costa Rica, Sistema de Estudios de Posgrado 
260 |c 2011 
300 |a 311 páginas 
650 |a TRABAJO FINAL DE GRADUACIÓN 
650 |a SEP 
650 |a MAESTRÍA ACADÉMICA EN LITERATURA FRANCESA 
650 |a EN IDIOMA FRANCÉS 
650 |a QUASIMODO 
650 |a LO GROTESCO Y LO SUBLIME 
999 |c 14534  |d 14534 
942 |c TFG  |h TESIS 874  |2 z